000
00259nam a2200097Ia 4500
082
_a
610|DISA
245
0
_a
Disaster medicine
100
_a
Wallis, Lee Cape Town, South Africa, 2011
_9
65140
942
_c
BK
008
210817s9999 xx 000 0 und d
999
_c
207840
_d
207839